Moto3 Race Winners - Statistics

General Stats
  • This quiz has been taken 93 times
    8 since last reset
  • The average score is 45 of 59
Answer Stats
Wins Nationality Rider % Correct
6 Spanish Albert Arenas
100%
7 South African Brad Binder
100%
1 Turkish Can Öncü
100%
8 British Danny Kent
100%
1 South African Darryn Binder
100%
18 Colombian David Alonso
100%
3 Turkish Deniz Öncü
100%
3 Italian Marco Bezzecchi
100%
6 Portuguese Miguel Oliveira
100%
1 Spanish Adrian Fernandez
80%
2 French Alexis Masbou
80%
4 Spanish Alex Marquez
80%
8 Spanish Alex Rins
80%
3 Japanese Ayumu Sasaki
80%
2 Italian Celestino Vietti
80%
2 Dutch Collin Veijer
80%
10 Italian Dennis Foggia
80%
1 Brazilian Diogo Moreira
80%
2 Spanish Efren Vasquez
80%
3 Italian Enea Bastianini
80%
2 Italian Fabio Di Giannantonio
80%
2 Italian Francesco Bagnaia
80%
1 Italian Guido Pini
80%
8 Spanish Izan Guevara
80%
6 Australian Jack Miller
80%
11 Spanish Joan Mir
80%
4 British John McPhee
80%
1 German Jonas Folger
80%
8 Spanish Jorge Martin
80%
11 Spanish José Antonio Rueda
80%
2 Malaysian Khairul Pawi
80%
1 Belgian Livio Loi
80%
5 Italian Lorenzo Dalla Porta
80%
9 Spanish Luis Salom
80%
8 Spanish Maverick Viñales
80%
1 German Philipp Oettl
80%
2 Spanish Raul Fernandez
80%
1 Italian Riccardo Rossi
80%
13 Italian Romano Fenati
80%
5 German Sandro Cortese
80%
7 Spanish Sergio Garcia
80%
3 Japanese Tatsuki Suzuki
80%
3 Italian Tony Arbolino
80%
6 Spanish Aron Canet
60%
4 Spanish Daniel Holgado
60%
3 Spanish David Muñoz
60%
10 Spanish Jaume Masia
60%
2 Spanish Jorge Navarro
60%
1 Japanese Kaito Toba
60%
2 Spanish Marcos Ramirez
60%
6 Spanish Máximo Quiles
60%
4 Italian Niccolò Antonelli
60%
1 Japanese Taiyo Furusato
60%
1 Spanish Xavier Artigas
60%
2 Italian Andrea Migno
40%
5 Spanish Angel Piqueras
40%
1 Spanish David Almansa
40%
4 Spanish Ivan Ortolà
40%
6 Spanish Pedro Acosta
40%
No matching quizzes found
Score Distribution
Percent of People with Each Score
Percentile by Number Answered
Your Score History
You have not taken this quiz since the last reset